header

Sociolegal control of homosexuality (Record no. 46013)

MARC details
000 -LEADER
fixed length control field 01561nam a2200385 a 4500
082 04 - DEWEY DECIMAL CLASSIFICATION NUMBER
Classification number 306.76/6
245 00 - TITLE STATEMENT
Title Sociolegal control of homosexuality
260 ## - PUBLICATION, DISTRIBUTION, ETC. (IMPRINT)
Place of publication New York :
Name of publisher Plenum Press,
Year of publication c1997.
300 ## - PHYSICAL DESCRIPTION
Number of Pages xviii, 354 p. :
Other physical details ill.
490 1# - SERIES STATEMENT
Series statement Perspectives in sexuality
650 #0 - SUBJECT ADDED ENTRY--TOPICAL TERM
Topical Term Homosexuality
Topical Term Homosexuality
Topical Term Gay men
Topical Term Gay men
Topical Term Lesbians
Topical Term Lesbians
700 1# - ADDED ENTRY--PERSONAL NAME
Personal name West, D. J.
Personal name Green, Richard,
856 40 - ELECTRONIC LOCATION AND ACCESS
Uniform Resource Identifier http://site.ebrary.com/lib/rucke/Doc?id=10060495

No items available.

© 2026 Rongo University
Contact us: librarian | system librarian | Rongo university